Seľskochozjajstvennaja enciklopedija

Uložené v:
Podrobná bibliografia
Médium: Kniha
Jazyk:Russian
Vydavateľské údaje: Moskva Gosudarstvennoje izdateľstvo seľskochozjajstvennoj literatury 1949
Tagy: Pridať tag
Žiadne tagy, Buďte prvý, kto otaguje tento záznam!

MARC

LEADER 00000nam a2200000 4500
001 0315021
005 20260216103930.8
041 0 |a rus 
044 |a RU 
245 1 0 |a Seľskochozjajstvennaja enciklopedija 
264 1 |a Moskva  |b Gosudarstvennoje izdateľstvo seľskochozjajstvennoj literatury  |c 1949